Antonio Rodríguez Luna /

Сохранить в:
Библиографические подробности
Главный автор: Rodríguez Luna, Antonio (autor)
Другие авторы: Rejano, Juan (texto) (texto)
Формат:
Язык:испанский
Опубликовано: México : UNAM, 1971, c1971
Серии:(Colección de Arte ; 21)
Предметы:
Метки: Добавить метку
Нет меток, Требуется 1-ая метка записи!

MARC

LEADER 00000nam^a2200000^a^4500
001 000187098
005 20250521000000.0
009 20260310102250.862
037 |a Acervo ITESO - Biblioteca 
041 |a ESP 
082 |a 759. 97206  |b ROD REJ 
100 |a Rodríguez Luna, Antonio  |e (autor) 
245 1 0 |a Antonio Rodríguez Luna /  |c A. Rodríguez Luna ; texto de J. Rejano. 
264 4 |a México :  |b UNAM,  |c 1971, c1971 
300 |a 38, 103 p. 
336 |a texto  |b txt  |2 rdacontenido 
337 |a sin mediación  |b n  |2 rdamedio 
338 |a volumen  |b nc  |2 rdasoporte 
440 1 |a (Colección de Arte ;  |v 21) 
649 |a XX 
650 |a Pintores Españoles 
650 |a Artistas Españoles 
650 |a Surrealismo 
650 |a Pintura Moderna 
650 |a Pintura Mexicana -  |y Siglo XX 
650 |a Pintura Mexicana -  |x Historia y Crítica 
650 |a Pintura Española -  |y Siglo XX 
650 |a Pintura Española -  |x Historia y Crítica 
650 |a Arte Mexicano -  |y Siglo XX 
650 |a Arte Mexicano -  |x Historia y Crítica 
650 |a Arte Español -  |y Siglo XX 
650 |a Arte Español -  |x Historia y Crítica 
650 |a Ensayos Mexicanos 
650 |a Literatura Mexicana -  |y Siglo XX 
650 |a Rodríguez Luna, Antonio 
700 |a Rejano, Juan  |e (texto) 
910 |a Fondo Julio de la Peña Lomelín 
920 |a Impresos - Libros 
930 |a Arquitectos Jaliscienses 
905 |a 115 
901 |a 0500129108  |b IT1  |c JAL  |u 20250521 
902 |a https://opac.biblio.iteso.mx/vufind/Record/000187098